Statistics for Countries of the Russian Empire

Click here to take the quiz!

General Stats

  • This quiz has been taken 1,469 times
  • The average score is 18 of 20

Answer Stats

% ControlledCountry% Correct
88 ?Ukraine
97%
100Estonia
96%
100Latvia
96%
94Lithuania
96%
100Belarus
95%
100Finland
95%
100Kazakhstan
95%
100Georgia
93%
35 ?Poland
93%
100Armenia
92%
100Azerbaijan
92%
100Tajikistan
92%
100Uzbekistan
92%
100Kyrgyzstan
91%
100Turkmenistan
91%
100Russia
90%
100Moldova
88%
10 *China
84%
4 ?Turkey
78%
17 ?United States
70%

Score Distribution

Percentile by Number Answered

Percent of People with Each Score

Your Score History

You have not taken this quiz